Vyšší moc v soukromnoprávních poměrech

Skúmania, ako sa rôzne právne poriadky, právna náuka a súdna prax stavajú k vyššej moci. Vysvetlenie pojmu "vyššia moc" v českých a slovenských právnych predpisoch.

Saved in:
Bibliographic Details
Main Author: Eliáš, Karel
Format: Book Chapter
Language:Czech
Subjects:
Tags: Add Tag
No Tags, Be the first to tag this record!

MARC

LEADER 00000naa a2200000 4500
001 0282721
005 20240417075159.0
041 0 |a cze 
044 |a SK 
245 1 0 |a Vyšší moc v soukromnoprávních poměrech  |c Karel Eliáš 
520 |a Skúmania, ako sa rôzne právne poriadky, právna náuka a súdna prax stavajú k vyššej moci. Vysvetlenie pojmu "vyššia moc" v českých a slovenských právnych predpisoch. 
610 2 0 |a moc vyššia 
610 2 0 |a právo súkromné 
610 2 0 |a úpravy právne 
610 2 0 |a právo verejné 
610 2 0 |a súdy 
100 1 |a Eliáš, Karel